00847nam a22002177a 4500003000200000005001700002008004100019020001800060050002900078100002400107245012500131260007100256300002700327504004100354650005400395650004100449650004500490650004200535700002500577700002700602020250506145628.0250506b xxu||||| |||| 00| 0 eng d a9786214271689 aJF 1525.A8 b.Ab117 2024 aAbante, Marmelo V.  aE-governance for development administrationcDr. Marmelo V. Abante , Dr. Renato A. Villegas, and Dr. Melchor S. Julianes aManilabUnlimited Books Library Services & Publishing Inc. cc2024 ax, 279 pages ;c26cm.  aIncludes bibliographical references. aElectronic government information -- Philippines. aE-Government—Developing countries. aPublic administration—Data processing. aAdministrative agencies—Automation. aVillegas, Renato A.  a Julianes, Melchor S.